skbl

Dr Suryya Kumar Bhuyan Library Web-OPAC
ডঃ সূৰ্য্য
কুমাৰ ভূঞা পুথিভঁৰাল ৱেব-অ'পেক

All Research Scholars are advised to clear the annual library fees to continue using Library Resources, Remote Access, Plagiarism Test and Library Clearance.

Cotton University Book Fair 2026

A New Approach to Economic Geography (Record no. 63733)

MARC details
000 -LEADER
fixed length control field 00499nam a2200181Ia 4500
001 - CONTROL NUMBER
control field 62626
008 - FIXED-LENGTH DATA ELEMENTS--GENERAL INFORMATION
fixed length control field 171208n ii |||gr||||Z||||||465
020 ## - INTERNATIONAL STANDARD BOOK NUMBER
International Standard Book Number 978-81-81567-72-1
082 ## - DEWEY DECIMAL CLASSIFICATION NUMBER
Classification number 910.133
100 ## - MAIN ENTRY--PERSONAL NAME
Personal name Guha, J.L.,
Relator term Author.
245 #0 - TITLE STATEMENT
Title A New Approach to Economic Geography
Statement of responsibility, etc. J.L.Guha & P.R.Chattoraj
Medium Textual Documents
250 ## - EDITION STATEMENT
Edition statement Ist ed - 1963.
260 ## - PUBLICATION, DISTRIBUTION, ETC.
Place of publication, distribution, etc. Calcutta
Name of publisher, distributor, etc. World Press
300 ## - PHYSICAL DESCRIPTION
Extent 605p:
Dimensions 24cm.
653 ## - INDEX TERM--UNCONTROLLED
Uncontrolled term Economic Geography
653 ## - INDEX TERM--UNCONTROLLED
Uncontrolled term G - Geog
942 ## - ADDED ENTRY ELEMENTS (KOHA)
Source of classification or shelving scheme Dewey Decimal Classification
Koha item type Books
Holdings
Withdrawn status Lost status Damaged status Not for loan Collection Home library Current library Shelving location Date acquired Coded location qualifier Cost, normal purchase price Total checkouts Full call number Barcode Date last seen Copy number Price effective from Koha item type
          Dr. Suryya Kumar Bhuyan Library Dr. Suryya Kumar Bhuyan Library   08/12/2017 00000 300.00   910.133 Gu939Ne 47/CU 14/01/2024 1 08/12/2017 Books

Designed and Maintained by Team SKBL
©1901-2026

Powered by Koha